| 000 | 00575nam a22001937a 4500 | ||
|---|---|---|---|
| 005 | 20151019111205.0 | ||
| 010 | _aENG-113887 | ||
| 020 |
_a9788125051947 _c75.00 |
||
| 035 | _aEN-97419 | ||
| 037 | _bDBAD/PUB | ||
| 082 | _a338.04092254 | ||
| 100 | _aDhote, Akshay V. | ||
| 245 |
_aModern trailblazers / _cby Akshay V. Dhote [and] Hitendra B. Dhote |
||
| 260 |
_aChennai _bOrient BlackSwan _c2013 |
||
| 270 |
_a160 Anna Salai, _bChennai _e600002 |
||
| 300 |
_avi,115p. _c22cm(pbk) |
||
| 700 | _aDhote B. Hitendra | ||
| 942 |
_2ddc _cEN _mDHO _h338.04092254 |
||
| 999 |
_c96449 _d96449 |
||